| 000 | 00453nam a2200181Ia 4500 | ||
|---|---|---|---|
| 005 | 20221220130211.0 | ||
| 008 | 131103s9999 xx 000 0 und d | ||
| 040 | _aLoreto College | ||
| 041 | _aEnglish | ||
| 082 |
_a895.61 _bHEN |
||
| 100 | _aHenderson,Harold G. | ||
| 245 |
_aHai Ku in English _cHarold G.Henderson |
||
| 260 |
_aRutland _bChares E.Tuttle _c1967 |
||
| 300 | _a74 p. | ||
| 650 | _aJapanese Poetry | ||
| 850 | _aLCLIB | ||
| 942 | _cBK | ||
| 999 |
_c13683 _d64162 |
||